Online
Catalog

Enciclopedia de las artes plásticas dominicanas : (Record no. 20390)

MARC details
000 -CABECERA
campo de control de longitud fija 01099nam a2200277 a 4500
001 - NÚMERO DE CONTROL
campo de control 000020887
005 - FECHA Y HORA DE LA ÚLTIMA TRANSACCIÓN
campo de control 20260305073958.0
008 - DATOS DE LONGITUD FIJA--INFORMACIÓN GENERAL
campo de control de longitud fija 100823s2003 dr ac 001 0 spa d
020 ## - NÚMERO INTERNACIONAL ESTÁNDAR DEL LIBRO
Número Internacional Estándar del Libro 9993400084
040 ## - FUENTE DE LA CATALOGACIÓN
Centro catalogador/agencia de origen DO-SdBNP
Lengua de catalogación spa
Centro/agencia transcriptor BNPHU
041 17 - CÓDIGO DE LENGUA
Código de lengua del texto/banda sonora o título independiente spa
Código de lengua original eng
082 ## - NÚMERO DE LA CLASIFICACIÓN DECIMAL DEWEY
Número de clasificación R703
Número de documento/Ítem G377e, 2003
100 1# - ENTRADA PRINCIPAL--NOMBRE DE PERSONA
Nombre de persona Gerón, Candido,
Fechas asociadas al nombre 1948-
9 (RLIN) 3577
245 10 - MENCIÓN DE TÍTULO
Título Enciclopedia de las artes plásticas dominicanas :
Resto del título 1844-2003 /
Mención de responsabilidad, etc. Cándido Gerón ; traducción Altagracia Amelia Cabral ; ilustración Víctor Eugenio Cortina.
246 14 - FORMA VARIANTE DE TÍTULO
Título propio/Titulo breve Encyclopedia of dominican plastic arts 1844 - 2003.
250 ## - MENCIÓN DE EDICIÓN
Mención de edición 5a ed. corr.
260 ## - PUBLICACIÓN, DISTRIBUCIÓN, ETC.
Lugar de publicación, distribución, etc. Santo Domingo :
Nombre del editor, distribuidor, etc. Corripio,
Fecha de publicación, distribución, etc. 2003.
300 ## - DESCRIPCIÓN FÍSICA
Extensión 733 p. :
Otras características físicas il., retrs. ;
Dimensiones 31 cm.
586 ## - NOTA DE PREMIOS
Nota de premios Premio nacional de didáctica 1988
650 #4 - PUNTO DE ACCESO ADICIONAL DE MATERIA--TÉRMINO DE MATERIA
Término de materia o nombre geográfico como elemento de entrada Arte
Subdivisión general Enciclopedias y diccionarios
9 (RLIN) 43778
650 #4 - PUNTO DE ACCESO ADICIONAL DE MATERIA--TÉRMINO DE MATERIA
Término de materia o nombre geográfico como elemento de entrada Pinturas dominicanas
Subdivisión general Enciclopedias y diccionarios
9 (RLIN) 43779
650 #4 - PUNTO DE ACCESO ADICIONAL DE MATERIA--TÉRMINO DE MATERIA
Término de materia o nombre geográfico como elemento de entrada Artistas dominicanos
Subdivisión general Biografías
9 (RLIN) 33342
700 12 - PUNTO DE ACCESO ADICIONAL--NOMBRE DE PERSONA
Nombre de persona Cabral, Altagracia Amelia,
Término indicativo de función/relación tr.
9 (RLIN) 43780
700 12 - PUNTO DE ACCESO ADICIONAL--NOMBRE DE PERSONA
Nombre de persona Cortina, Víctor Eugenio,
Término indicativo de función/relación il.
9 (RLIN) 43781
910 ## - DATOS DE OPCIÓN DEL USUARIO (OCLC)
Datos de opción del usuario Validado. Control de calidad BNPHU
Holdings
Estado de retiro Estado de pérdida Restricciones de uso No para préstamo Código de colección Localización permanente Ubicación/localización actual Ubicación en estantería Fecha de adquisición Número de inventario Total de préstamos Signatura topográfica completa Código de barras Fecha visto por última vez Número de copia Precio válido a partir de Tipo de ítem Koha
    Préstamo en sala   Dominicana de Servicio Biblioteca Nacional Pedro Henríquez Ureña Biblioteca Nacional Pedro Henríquez Ureña Depósito 23.08.2010 LF1   R703 G377e, 2003 20887-30 25.06.2020 e. 3 25.06.2020 Préstamo en sala
    Préstamo en sala   Dominicana de Servicio Biblioteca Nacional Pedro Henríquez Ureña Biblioteca Nacional Pedro Henríquez Ureña Depósito 23.08.2010 LF1   R703 G377e, 2003 20887-40 25.06.2020 e. 4 25.06.2020 Préstamo en sala
    Préstamo en sala   Dominicana de Servicio Biblioteca Nacional Pedro Henríquez Ureña Biblioteca Nacional Pedro Henríquez Ureña Depósito 23.08.2010 LF1   R703 G377e, 2003 20887-50 25.06.2020 e. 5 25.06.2020 Préstamo en sala
    Préstamo en sala Excluido de préstamo Dominicana de Servicio Biblioteca Nacional Pedro Henríquez Ureña Biblioteca Nacional Pedro Henríquez Ureña Depósito 23.08.2010 LF1   R703 G377e, 2003 20887-10 25.06.2020   25.06.2020 Préstamo en sala
    Préstamo en sala Excluido de préstamo Dominicana de Servicio Biblioteca Nacional Pedro Henríquez Ureña Biblioteca Nacional Pedro Henríquez Ureña Depósito 23.08.2010 LF1   R703 G377e, 2003 20887-20 25.06.2020 e. 2 25.06.2020 Préstamo en sala

Powered by Koha